000 00913nam a2200229Ii 4500
003 JO-AjNU
008 230605s9999||||xx |||||||||||||| ||und||
017 _a2009/2/578
020 _a978-9957-16-497-3
040 _aJO-AjNU
_bara
_erda
_cJO-AjNU
041 _aara
050 1 4 _aKMM351.2.R35.2012
100 3 _a الراعي، أشرف فتحي ,
_eauthor
_949934
245 0 0 _aجرائم الصحافة والنشر الذم والقدح
250 _aط2
264 3 1 _aعمان : دار الثقافة ، 2012
300 _a208ص
336 _atext
_btxt
_2rdacontent
337 _aunmediated
_bn
_2rdamedia
338 _avolume
_bnc
_2rdacarrier
650 4 _aحرية التعبير -- حرية الصحافة -- جرائم النشر-- جرائم الصحافة -- قوانين و تشريعات -- حرية التعبير -- قوانين و تشريعات -- القذف(قانون مدني)
_949935
999 _aA21964
_c25532
_d25532